000 00913nam a22002297a 4500
999 _c3332
_d3332
003 AR-CdUCM
008 190306b ||||| |||| 00| 0 spa d
040 _aMUNICIPALIDAD PROVINCIAL DEL CUSCO
_cBIBLIOTECA MUNICIPAL DEL CUSCO
082 _a868.32 /
_bR741
100 _aRojas, Ricardo
_911058
245 _aCervantes /
260 _aBuenos Aires :
_bEditorial Losada,
_c1948.
300 _a309 páginas ;
_c21 cm.
440 _aObras completas de Ricardo Rojas
_911059
505 _aContenido: Donde se recuerda que la biografía de Cervantes se inicia, para la historia documental, con una Elegía compuesta en el estudio Madrileño del Maestro Hoyos, y se da comienzo a esta semblanza espiritual del poeta...
650 _aCervantes
_910750
650 _aCentenario muerte de Cervantes
_911060
650 _aLiteratura angentina
_911061
650 _aSiglo XX
_98
942 _2ddc
_cLIBROS
945 _adavv